| 000 | 00395 a2200157 4500 | ||
|---|---|---|---|
| 001 | 82157 | ||
| 082 | _a512 FIS | ||
| 090 |
_c39890 _d39890 |
||
| 100 | _aFisher, Robert C. | ||
| 245 |
_aIntegrated Algebra and Trigonometry _cFisher, Robert C. |
||
| 250 | _a1 | ||
| 260 |
_aUSA _bPrentice Hall _c1957 |
||
| 300 |
_a427 p. _bphotocopy |
||
| 500 | _a H & S Textbook | ||
| 600 | _aAllen D Ziebur | ||
| 942 |
_aNUST-CAE _k512FIS _cHS |
||
| 999 |
_c317230 _d317230 |
||